La formación del carácter
Gorde:
| Egile Nagusiak: | , |
|---|---|
| Formatua: | Liburua |
| Hizkuntza: | gaztelania |
| Argitaratua: |
Buenos Aires
Paidós
1956
|
| Edizioa: | 2a. ed |
| Saila: | Biblioteca del hombre contemporáneo, 4
|
| Gaiak: | |
| Etiketak: |
Etiketa erantsi
Etiketarik gabe, Izan zaitez lehena erregistro honi etiketa jartzen!
|
MARC
| LEADER | 00000nam a2200000 a 4500 | ||
|---|---|---|---|
| 001 | UCY6472 | ||
| 003 | CL-VaPUC | ||
| 008 | 950526e19560000AG |||||||||||||||||spa|d | ||
| 082 | 0 | 4 | |a 155.2 |b KUN |2 21 |
| 100 | |a Künkel, Fritz |e author |9 336410 | ||
| 700 | 0 | |a Dickerson, Roy E |e author |9 336411 | |
| 245 | 1 | 3 | |a La formación del carácter |
| 250 | |a 2a. ed | ||
| 300 | |a 299 p | ||
| 942 | |c BK | ||
| 945 | |d 19950526 00:00:00 |a cmena | ||
| 260 | |a Buenos Aires |b Paidós |c 1956 | ||
| 650 | 0 | |a Psicología |9 257863 | |
| 650 | 0 | |a Personalidad |9 307255 | |
| 650 | 0 | |a Psicología individual |9 309049 | |
| 650 | 0 | |a Desarrollo individual |9 307875 | |
| 650 | 0 | |a Identidad |9 336178 | |
| 650 | 0 | |a Individualismo |9 313336 | |
| 650 | 0 | |a Ego |9 310449 | |
| 650 | 0 | |a Familias |9 255641 | |
| 650 | 0 | |a Conceptos morales |9 310606 | |
| 650 | 0 | |a Ética |9 255099 | |
| 650 | 0 | |a Emociones |9 265224 | |
| 650 | 0 | |a Aprendizaje |9 254827 | |
| 583 | |a last modification |c 19950526 00:00:00 |k Rodrigo Vera | ||
| 490 | 0 | |a Biblioteca del hombre contemporáneo, 4 | |
| 999 | |c 234037 |d 234035 | ||
| 952 | |0 0 |1 0 |4 0 |6 155_200000000000000_KUN_1956 |7 0 |8 P |9 239972 |a BIBEDU |b BIBEDU |c BIBEDU_PB |d 2019-11-18 |i 1510088 |o 155.2 KUN 1956 |p 1510088 |r 2024-01-25 |w 2019-11-18 |y BK |k EDU | ||